[Event "ch-CHN Women 2019"]
[Site "Hangzhou CHN"]
[Date "2019.05.20"]
[Round "9.1"]
[White "Ren, Xiaoyi"]
[Black "Guo, Qi"]
[Result "0-1"]
[BlackTitle "IM"]
[WhiteElo "2261"]
[BlackElo "2361"]
[WhiteFideId "8608709"]
[BlackFideId "8604002"]
[EventDate "2019.05.11"]

1. d4 Nf6 2. c4 e6 3. g3 c5 4. Nf3 cxd4 5. Nxd4 d5 6. Bg2 e5 7. Nb3 d4 8. O-O
Nc6 9. Bg5 Be7 10. f4 Ng4 11. Bxe7 Qxe7 12. Qd2 Ne3 13. Rf2 Nxg2 14. Kxg2 e4 15.
Rf1 e3 16. Qd3 O-O 17. Nxd4 Rd8 18. Nxc6 bxc6 19. Qb3 Rb8 20. Qa3 Qe4+ 21. Rf3
Bg4 22. Nc3 Bxf3+ 23. exf3 Qc2+ 24. Kh3 Qf5+ 25. Kh4 Rd2 0-1

[Event "ch-CHN Women 2019"]
[Site "Hangzhou CHN"]
[Date "2019.05.20"]
[Round "9.3"]
[White "Zhai, Mo"]
[Black "Shen, Yang"]
[Result "1/2-1/2"]
[WhiteTitle "WGM"]
[BlackTitle "IM"]
[WhiteElo "2365"]
[BlackElo "2449"]
[WhiteFideId "8600201"]
[BlackFideId "8603162"]
[EventDate "2019.05.11"]

1. d4 d5 2. c4 c6 3. Nf3 Nf6 4. Nc3 dxc4 5. a4 e6 6. e3 c5 7. Bxc4 Nc6 8. O-O
Be7 9. dxc5 Qxd1 10. Rxd1 Bxc5 11. Bd2 O-O 12. Be1 b6 13. Nb5 a5 14. Rac1 h6 15.
Nd6 Rd8 16. Nxc8 Rxd1 17. Rxd1 Rxc8 18. Kf1 Bb4 19. Ba6 Rb8 20. Rc1 Bxe1 21.
Rxc6 Bb4 22. Ne5 Nd5 23. e4 Ne7 24. Rc2 Ra8 25. Bb5 Rc8 26. Rxc8+ Nxc8 27. Nd7
f6 28. e5 fxe5 29. Nxe5 Bd6 30. Nc4 Bc5 31. Bd7 Nd6 32. Bxe6+ Kh8 33. Ne5 Bd4
34. Ng6+ Kh7 35. Nf8+ Kh8 36. b3 g5 37. Bd5 Ne8 38. h4 Nc7 39. Be4 Kg7 40. Ng6
Kf6 41. hxg5+ hxg5 42. Nf8 Ne6 43. Nd7+ Ke7 44. Nb8 Kd6 45. Nc6 Bf6 46. b4 Nd4
47. b5 Kc5 48. g3 Kc4 49. Nxd4 Bxd4 50. Bc2 Kc3 51. Bd1 Kd2 52. Bh5 Kc3 53. Kg2
Kb4 54. Bd1 Kc5 55. f3 Kd6 56. Kh3 Ke5 57. Kg4 Be3 58. Bc2 Bd2 59. Bd3 Be3 60.
Kh5 Kf6 61. Be4 Bd2 62. Kg4 Ke5 63. Bc2 1/2-1/2

[Event "ch-CHN Women 2019"]
[Site "Hangzhou CHN"]
[Date "2019.05.20"]
[Round "9.5"]
[White "Ni, Shiqun"]
[Black "Zhang, Lanlin"]
[Result "1-0"]
[WhiteTitle "WGM"]
[WhiteElo "2439"]
[BlackElo "2181"]
[WhiteFideId "8608466"]
[BlackFideId "8608032"]
[EventDate "2019.05.11"]

1. e4 e5 2. Nf3 Nc6 3. Bb5 a6 4. Ba4 Nf6 5. O-O Be7 6. Bxc6 dxc6 7. d3 Bg4 8. h3
Bxf3 9. Qxf3 Rg8 10. Nd2 Nd7 11. Nc4 Bf6 12. Bd2 Qe7 13. a4 g5 14. b4 b6 15. Ne3
Qe6 16. Rfc1 Be7 17. a5 Nf6 18. axb6 cxb6 19. Ra4 b5 20. Ra5 Bd8 21. Ra3 a5 22.
bxa5 c5 23. Rca1 Ra6 24. Rb3 Qc6 25. Qf5 Bc7 26. Qc8+ Ke7 27. Nf5# 1-0

[Event "ch-CHN Women 2019"]
[Site "Hangzhou CHN"]
[Date "2019.05.20"]
[Round "9.6"]
[White "Qiu, Mengjie"]
[Black "Ning, Kaiyu"]
[Result "0-1"]
[WhiteTitle "WIM"]
[BlackTitle "WFM"]
[WhiteElo "2219"]
[BlackElo "2256"]
[WhiteFideId "8606137"]
[BlackFideId "8614750"]
[EventDate "2019.05.11"]

1. e4 e6 2. d4 d5 3. exd5 exd5 4. Nf3 Nf6 5. Bd3 Bd6 6. Qe2+ Be6 7. Ng5 Qe7 8.
O-O O-O 9. Nxe6 fxe6 10. Re1 Nc6 11. c3 e5 12. Bg5 e4 13. Bc2 Qf7 14. Nd2 Kh8
15. Bb3 Ne7 16. c4 c6 17. cxd5 cxd5 18. Nf1 Qg6 19. Bxf6 Rxf6 20. Ne3 Qg5 21.
Qg4 Qh6 22. Nf1 Raf8 23. Re2 Rf4 24. Qd7 Qf6 25. Kh1 Rxf2 26. Rxf2 Qxf2 27. Ne3
Qf4 28. Qh3 Rf6 29. Qg3 Qxg3 30. hxg3 Bxg3 31. Nxd5 Nxd5 32. Bxd5 e3 33. Bc4
Rh6+ 34. Kg1 Bf2+ 0-1

[Event "ch-CHN Women 2019"]
[Site "Hangzhou CHN"]
[Date "2019.05.21"]
[Round "10.1"]
[White "Guo, Qi"]
[Black "Ning, Kaiyu"]
[Result "1/2-1/2"]
[WhiteTitle "IM"]
[BlackTitle "WFM"]
[WhiteElo "2361"]
[BlackElo "2256"]
[WhiteFideId "8604002"]
[BlackFideId "8614750"]
[EventDate "2019.05.11"]

1. d4 d5 2. c4 e6 3. Nc3 Nf6 4. cxd5 Nxd5 5. e4 Nxc3 6. bxc3 c5 7. Rb1 Be7 8.
Nf3 O-O 9. Be2 b6 10. O-O Bb7 11. Qd3 Nc6 12. Qe3 Na5 13. Rd1 Qc7 14. Bd3 Rac8
15. d5 c4 16. Bc2 e5 17. Nd2 Rcd8 18. Nf1 Bc8 19. Qg3 f6 20. Ne3 Bd6 21. Qf3 g6
22. h4 h5 23. Qe2 a6 24. a4 Kg7 25. Bd2 Bd7 26. Rb2 Rb8 27. Ra1 Rfc8 28. Nf1 Bc5
29. Ne3 Bd6 30. Nf1 Bc5 31. Ne3 1/2-1/2

[Event "ch-CHN Women 2019"]
[Site "Hangzhou CHN"]
[Date "2019.05.21"]
[Round "10.2"]
[White "Zhang, Lanlin"]
[Black "Qiu, Mengjie"]
[Result "1/2-1/2"]
[BlackTitle "WIM"]
[WhiteElo "2181"]
[BlackElo "2219"]
[WhiteFideId "8608032"]
[BlackFideId "8606137"]
[EventDate "2019.05.11"]

1. e4 e5 2. Nf3 Nc6 3. d4 exd4 4. Nxd4 Nf6 5. Nc3 Bb4 6. Nxc6 bxc6 7. Bd3 O-O 8.
O-O d5 9. exd5 cxd5 10. Bg5 c6 11. Qf3 Bd6 12. h3 Rb8 13. Rab1 h6 14. Bf4 Qc7
15. Bxd6 Qxd6 16. Ne2 Re8 17. Rfd1 Qe5 18. c3 Bf5 19. Nd4 Bxd3 20. Qxd3 Rb6 21.
c4 Qe4 22. cxd5 Qxd3 23. Rxd3 cxd5 24. Kf1 g6 25. Rb3 Rxb3 26. Nxb3 Rc8 27. Re1
Kf8 28. Rc1 Rxc1+ 29. Nxc1 Ke7 30. Ke2 Kd6 31. Kd3 1/2-1/2

[Event "ch-CHN Women 2019"]
[Site "Hangzhou CHN"]
[Date "2019.05.21"]
[Round "10.3"]
[White "Huang, Qian"]
[Black "Ni, Shiqun"]
[Result "1/2-1/2"]
[WhiteTitle "WGM"]
[BlackTitle "WGM"]
[WhiteElo "2440"]
[BlackElo "2439"]
[WhiteFideId "8602689"]
[BlackFideId "8608466"]
[EventDate "2019.05.11"]

1. Nf3 Nf6 2. c4 g6 3. d4 Bg7 4. e3 O-O 5. Be2 b6 6. d5 e6 7. Nc3 exd5 8. cxd5
Ba6 9. Nd4 Bxe2 10. Ndxe2 c5 11. dxc6 dxc6 12. O-O Qe7 13. Qc2 c5 14. a3 Nc6 15.
b3 Rfd8 16. Bb2 Ne4 17. Rad1 Nxc3 18. Bxc3 Rxd1 19. Rxd1 Rd8 20. h3 Rd6 21. Bxg7
Kxg7 22. Nc3 Qd8 23. Rxd6 Qxd6 24. Ne4 Qd5 25. Nc3 Qd6 26. Ne4 Qd5 27. Nc3 Qd6 1/2-1/2

[Event "ch-CHN Women 2019"]
[Site "Hangzhou CHN"]
[Date "2019.05.21"]
[Round "10.4"]
[White "Shen, Yang"]
[Black "Chu, Ruotong"]
[Result "1/2-1/2"]
[WhiteTitle "IM"]
[BlackTitle "WIM"]
[WhiteElo "2449"]
[BlackElo "2180"]
[WhiteFideId "8603162"]
[BlackFideId "8605653"]
[EventDate "2019.05.11"]

1. d4 d5 2. Nf3 Nf6 3. c4 dxc4 4. e3 e6 5. Bxc4 a6 6. O-O c5 7. Bb3 Be7 8. Nc3
b5 9. e4 b4 10. Na4 Nxe4 11. Qc2 Bb7 12. dxc5 Qc7 13. Be3 Nf6 14. Qd2 Bxf3 15.
gxf3 Nc6 16. Qe2 a5 17. Rfd1 O-O 18. f4 g6 19. Qf3 Rad8 20. h3 Nh5 21. Qe4 Nf6
22. Qf3 Nh5 23. Rac1 Bf6 24. Qe4 Bg7 25. Rd6 Ne7 26. Rxd8 Rxd8 27. c6 Nf6 28.
Qe5 Rc8 29. Nb6 Nfd5 30. Qxc7 Rxc7 31. Nxd5 exd5 32. Bb6 Rxc6 33. Rxc6 Nxc6 34.
Bxd5 Bd4 35. Bc7 Ne7 36. Be4 f5 37. Bf3 Bxb2 38. Bxa5 Ba3 39. Kf1 Kf7 40. Ke2
Ke6 41. Kd3 Nd5 42. Kc4 Nxf4 43. h4 Nh3 44. Bb6 g5 45. Bd5+ Ke5 46. Bc7+ Kf6 47.
Bd8+ Kg6 48. Bxg5 Nxg5 49. hxg5 Kxg5 50. Kd3 Kf4 51. Ke2 1/2-1/2

[Event "ch-CHN Women 2019"]
[Site "Hangzhou CHN"]
[Date "2019.05.21"]
[Round "10.5"]
[White "Zhu, Jiner"]
[Black "Zhai, Mo"]
[Result "1/2-1/2"]
[WhiteTitle "WIM"]
[BlackTitle "WGM"]
[WhiteElo "2439"]
[BlackElo "2365"]
[WhiteFideId "8608059"]
[BlackFideId "8600201"]
[EventDate "2019.05.11"]

1. e4 e5 2. Nf3 Nc6 3. Bb5 Nf6 4. O-O Nxe4 5. d4 Nd6 6. Bxc6 dxc6 7. dxe5 Nf5 8.
Qxd8+ Kxd8 9. Nc3 Ke8 10. Bf4 Be7 11. h3 h5 12. Rad1 Be6 13. Ng5 Rh6 14. Nce4
Rg6 15. Nxe6 Rxe6 16. Rfe1 h4 17. Ng5 Rg6 18. Nf3 Rd8 19. Rxd8+ Kxd8 20. Re4 c5
21. Ra4 a6 22. Bd2 Rb6 23. Rf4 g6 24. b3 Re6 25. Bc3 b5 26. Kf1 Nh6 27. Bd2 Ke8
28. g4 hxg3 29. fxg3 Nf5 30. Kf2 Nd4 31. Nxd4 cxd4 32. Kf3 Rc6 33. Rxd4 Rxc2 34.
a4 c5 35. Rd5 Rb2 36. Rd3 c4 37. bxc4 bxc4 38. Rd4 Rb3+ 39. Ke4 Rxg3 40. Rxc4
Rxh3 41. Rc8+ Kd7 42. Ra8 Rh4+ 43. Kd5 Rxa4 44. Ra7+ Ke8 45. Ra8+ Kd7 46. Ra7+
Ke8 47. Ra8+ Kd7 1/2-1/2

[Event "ch-CHN Women 2019"]
[Site "Hangzhou CHN"]
[Date "2019.05.21"]
[Round "10.6"]
[White "Ren, Xiaoyi"]
[Black "Xiao, Yiyi"]
[Result "0-1"]
[BlackTitle "WFM"]
[WhiteElo "2261"]
[BlackElo "2290"]
[WhiteFideId "8608709"]
[BlackFideId "8606161"]
[EventDate "2019.05.11"]

1. e4 e5 2. Nf3 Nc6 3. Bc4 Nf6 4. d3 Be7 5. O-O O-O 6. c3 d5 7. exd5 Nxd5 8. Re1
Bg4 9. h3 Bh5 10. Nbd2 Nb6 11. Bb5 f6 12. Ne4 Qd5 13. c4 Qf7 14. Bxc6 bxc6 15.
b3 Rad8 16. Qe2 Rfe8 17. Bb2 Nd7 18. Ng3 Bg6 19. Rad1 Nc5 20. Ne4 Ne6 21. Bxe5
Bb4 22. Bc3 Nf4 23. Qc2 Bxe4 24. Bxb4 Bxf3 0-1

[Event "ch-CHN Women 2019"]
[Site "Hangzhou CHN"]
[Date "2019.05.22"]
[Round "11.3"]
[White "Chu, Ruotong"]
[Black "Zhu, Jiner"]
[Result "0-1"]
[WhiteTitle "WIM"]
[BlackTitle "WIM"]
[WhiteElo "2180"]
[BlackElo "2439"]
[WhiteFideId "8605653"]
[BlackFideId "8608059"]
[EventDate "2019.05.11"]

1. Nf3 Nf6 2. g3 g6 3. Bg2 Bg7 4. O-O O-O 5. d4 d6 6. Nc3 Nbd7 7. e4 c6 8. a4 e5
9. Re1 Re8 10. h3 Qc7 11. Be3 b6 12. Qd2 Bb7 13. Bh6 Bh8 14. a5 Rad8 15. axb6
axb6 16. b4 b5 17. dxe5 dxe5 18. Qe3 Nf8 19. Bxf8 Rxf8 20. Nb1 Nd7 21. Na3 Nb6
22. c4 bxc4 23. Qc5 Rd3 24. Nxc4 Nxc4 25. Qxc4 Qd6 26. b5 cxb5 27. Qxb5 Bc8 28.
Nh2 Bg7 29. h4 Rd8 30. Rab1 Qf6 31. Nf1 Bh6 32. Qb6 R3d6 33. Qc5 Rc6 34. Qa3 Rc2
35. Qf3 Qxf3 36. Bxf3 Ba6 37. Rbd1 Rb8 38. Rb1 Rbc8 39. Bd1 Rc1 40. Bg4 Rxb1 41.
Rxb1 Rc2 42. Kg2 Bd3 43. Re1 Bf8 44. Re3 Bc5 45. Rxd3 Rxf2+ 46. Kg1 Rf3+ 47. Ne3
Rxg3+ 48. Kh2 Rxe3 49. Rxe3 Bxe3 50. h5 Kg7 51. hxg6 fxg6 52. Kg3 h5 53. Bd7 Kh6
54. Be8 g5 55. Kf3 Bf4 56. Bf7 g4+ 57. Kg2 Kg5 58. Kf2 h4 59. Be6 h3 60. Bf5 Kh4
61. Be6 g3+ 0-1

[Event "ch-CHN Women 2019"]
[Site "Hangzhou CHN"]
[Date "2019.05.22"]
[Round "11.4"]
[White "Ni, Shiqun"]
[Black "Shen, Yang"]
[Result "1-0"]
[WhiteTitle "WGM"]
[BlackTitle "IM"]
[WhiteElo "2439"]
[BlackElo "2449"]
[WhiteFideId "8608466"]
[BlackFideId "8603162"]
[EventDate "2019.05.11"]

1. e4 e5 2. Nf3 Nc6 3. Bc4 Bc5 4. c3 Nf6 5. d4 exd4 6. e5 d5 7. Bb5 Ne4 8. cxd4
Bb6 9. Nc3 O-O 10. Be3 Ne7 11. Bd3 f5 12. Ne2 Ba5+ 13. Kf1 Ng6 14. h4 f4 15. Bc1
h5 16. Ng5 c6 17. Qb3 Nxg5 18. Bxg6 Ne6 19. Qf3 Qc7 20. Qxh5 Rd8 21. Qh7+ Kf8
22. Nxf4 1-0

[Event "ch-CHN Women 2019"]
[Site "Hangzhou CHN"]
[Date "2019.05.22"]
[Round "11.5"]
[White "Qiu, Mengjie"]
[Black "Huang, Qian"]
[Result "0-1"]
[WhiteTitle "WIM"]
[BlackTitle "WGM"]
[WhiteElo "2219"]
[BlackElo "2440"]
[WhiteFideId "8606137"]
[BlackFideId "8602689"]
[EventDate "2019.05.11"]

1. e4 c5 2. Nf3 a6 3. c4 Nc6 4. d4 cxd4 5. Nxd4 e5 6. Nc2 Bc5 7. Be3 d6 8. Nc3
Be6 9. Be2 Bxe3 10. Nxe3 Nf6 11. O-O O-O 12. Ned5 Bxd5 13. cxd5 Nd4 14. Kh1 Qb6
15. Qd2 Nd7 16. Rad1 Qa5 17. Bg4 Nf6 18. Bh3 b5 19. f4 Qd8 20. fxe5 dxe5 21. Qg5
Re8 22. Qe3 Ra7 23. Ne2 Rc7 24. Nxd4 exd4 25. Rxd4 Qd6 26. Re1 Rce7 27. Qd3 g6
28. a4 Re5 29. axb5 axb5 30. Qxb5 Nxe4 31. Rf1 Rb8 32. Qc4 Qe7 33. b4 Nd6 34.
Qc1 Re3 35. Be6 Rb3 36. Bg4 R3xb4 37. Rxb4 Rxb4 38. Re1 Qf6 39. Bf3 Rb3 40. Rf1
Kg7 41. Qe1 Qd4 42. Qe7 Nf5 43. Qe4 Qc3 44. Rd1 Qf6 45. Qc4 Re3 46. Qc5 Qe5 47.
Qc1 Nd4 48. d6 Nxf3 49. gxf3 Re2 50. Qa1 Rxh2+ 51. Kg1 Rb2 52. Rd5 Qg3+ 0-1

[Event "ch-CHN Women 2019"]
[Site "Hangzhou CHN"]
[Date "2019.05.22"]
[Round "11.6"]
[White "Ning, Kaiyu"]
[Black "Zhang, Lanlin"]
[Result "1-0"]
[WhiteTitle "WFM"]
[WhiteElo "2256"]
[BlackElo "2181"]
[WhiteFideId "8614750"]
[BlackFideId "8608032"]
[EventDate "2019.05.11"]

1. d4 Nf6 2. c4 c5 3. d5 b5 4. cxb5 a6 5. bxa6 Bxa6 6. Nc3 d6 7. Nf3 g6 8. e4
Bxf1 9. Kxf1 Bg7 10. g3 O-O 11. Kg2 Qb6 12. Qe2 Na6 13. Rd1 Rfb8 14. Rb1 Qb7 15.
Bf4 Nh5 16. Bg5 h6 17. Be3 Nf6 18. h3 Nc7 19. Kh2 Nb5 20. e5 Nd7 21. e6 fxe6 22.
Bxh6 Bxh6 23. Qxe6+ Kh8 24. Qxg6 Bg7 25. Re1 Nf8 26. Qh5+ Kg8 27. Nxb5 Rxa2 28.
Re4 Qd7 29. Rbe1 Qxb5 30. Rxe7 Qxb2 31. Qf7+ Kh8 32. R1e2 Qf6 33. Rxa2 Qxf7 34.
Rxf7 c4 35. Raa7 Bb2 36. Rac7 c3 37. Ng5 Re8 38. Ne4 1-0